Catálogo
 En Linea

La democracia real : (Registro nro. 13921)

Detalles MARC
000 -CABECERA
campo de control de longitud fija 00987cam a2200229 a 4500
001 - NÚMERO DE CONTROL
campo de control 000014326
005 - FECHA Y HORA DE LA ÚLTIMA TRANSACCIÓN
campo de control 20200929163556.0
008 - DATOS DE LONGITUD FIJA--INFORMACIÓN GENERAL
campo de control de longitud fija 870720s1982 ck a b 100 0 spa
040 ## - FUENTE DE LA CATALOGACIÓN
Centro catalogador/agencia de origen DO-SdBNP
Lengua de catalogación spa
Centro/agencia transcriptor BNPHU
082 ## - NÚMERO DE LA CLASIFICACIÓN DECIMAL DEWEY
Número de clasificación 321.8
Número de documento/Ítem C397d
110 1# - ENTRADA PRINCIPAL--NOMBRE DE ENTIDAD CORPORATIVA
Nombre de entidad corporativa o nombre de jurisdicción como elemento de entrada Central Latinoamericana de Trabajadores.
Unidad subordinada Congreso
Número del congreso/reunión o número de parte o sección (8th :
Fecha del congreso/reunión o de la firma de un tratado 1982 :
Sede del congreso/Lugar de la reunión Bogotá, Colombia)
9 (RLIN) 32320
245 13 - MENCIÓN DE TÍTULO
Título La democracia real :
Resto del título opción histórica de la clase trabajadora para su liberación /
Mención de responsabilidad, etc. aprobado por el VIII Congreso de la CLAT, Bogotá, Colombia, 17 de diciembre de 1982.
260 ## - PUBLICACIÓN, DISTRIBUCIÓN, ETC.
Lugar de publicación, distribución, etc. Bogotá :
Nombre del editor, distribuidor, etc. Central Latinoamericana de Trabajadores,
Fecha de publicación, distribución, etc. 1982.
300 ## - DESCRIPCIÓN FÍSICA
Extensión 336 p. :
Otras características físicas il. ;
Dimensiones 22 cm.
490 1# - MENCIÓN DE SERIE
Mención de serie CLAT
490 1# - MENCIÓN DE SERIE
Mención de serie Documentos de base
504 ## - NOTA DE BIBLIOGRAFÍA, ETC.
Nota de bibliografía, etc. Bibliografía: p. 323-330.
650 #4 - PUNTO DE ACCESO ADICIONAL DE MATERIA--TÉRMINO DE MATERIA
Término de materia o nombre geográfico como elemento de entrada Democracia
Subdivisión general Congresos.
9 (RLIN) 32321
650 #4 - PUNTO DE ACCESO ADICIONAL DE MATERIA--TÉRMINO DE MATERIA
Término de materia o nombre geográfico como elemento de entrada Gobierno representativo
Subdivisión geográfica América Latina
Subdivisión general Congresos.
9 (RLIN) 32322
710 1# - PUNTO DE ACCESO ADICIONAL--NOMBRE DE ENTIDAD CORPORATIVA
Nombre de entidad corporativa o nombre de jurisdicción como elemento de entrada Central Latinoamericana de Trabajadores.
Unidad subordinada U.S. Office.
9 (RLIN) 32323
830 #0 - PUNTO DE ACCESO ADICIONAL DE SERIE-TÍTULO UNIFORME
Título uniforme CLAT
Nombre de parte o sección de la obra Documentos de base
9 (RLIN) 32324
Existencias
Estado de retiro Estado de pérdida Restricciones de uso No para préstamo Código de colección Localización permanente Ubicación/localización actual Ubicación en estantería Fecha de adquisición Número de inventario Total de préstamos Signatura topográfica completa Código de barras Fecha visto por última vez Precio válido a partir de Tipo de ítem Koha
    Préstamo interno   Monografías: Libros y Folletos General General En catalogación 09.12.2009 LF1   321.8 C397d 14326-10 25.06.2020 25.06.2020 Préstamo interno

Con tecnología Koha